[Event "DSOL 2021"]
[Site "Germany"]
[Date "2021.03.17"]
[Round "6.1"]
[White "Homann, Arne"]
[Black "Spors, Carl Philip"]
[Result "1/2-1/2"]
[WhiteElo "1717"]
[BlackElo "1661"]
[Annotator "NA RC"]
[PlyCount "76"]
[EventDate "2021.01.18"]
[EventType "team-tourn"]
[EventCountry "GER"]
[SourceTitle "playchess.com"]
[Source "ChessBase"]
[SourceQuality "1"]

1. d4 d5 2. Nf3 Nf6 3. e3 Bf5 4. Bd3 Bxd3 5. cxd3 e6 6. O-O Be7 7. Nc3 O-O 8. Bd2 Nbd7 9. Qe2 c5 10. Rfc1 Re8 11. Rc2 cxd4 12. exd4 Rc8 13. Rac1 Nb8 14. Nxd5 Rxc2 15. Nxe7+ Rxe7 16. Rxc2 Nc6 17. Bg5 Nxd4 18. Nxd4 Qxd4 19. Bxf6 gxf6 20. Qf3 Rd7 21. Qg3+ Kf8 22. Qb8+ Rd8 23. Qxb7 Qxd3 24. Qb4+ Kg7 25. Qg4+ Qg6 26. Qe2 h5 27. h3 Qd3 28. Qxd3 Rxd3 29. Kf1 Rd7 30. Ke2 f5 31. b4 Kf6 32. Rb2 Ke5 33. a4 Rb7 34. Kd3 Kd5 35. Kc3 Rc7+ 36. Kd3 Rb7 37. Kc3 Rc7+ 38. Kd3 Rb7 1/2-1/2

[Event "DSOL 2021"]
[Site "Germany"]
[Date "2021.03.18"]
[Round "6.1"]
[White "Wulf von Moers, Jens"]
[Black "Ritscher, Jan-Paul"]
[Result "0-1"]
[WhiteElo "1641"]
[BlackElo "2254"]
[Annotator "TA"]
[PlyCount "40"]
[EventDate "2021.01.18"]
[EventType "team-tourn"]
[EventCountry "GER"]
[SourceTitle "playchess.com"]
[Source "ChessBase"]
[SourceQuality "1"]

1. e4 Nf6 2. d3 d5 3. Nd2 c5 4. Ngf3 Nc6 5. Be2 e5 6. O-O Bd6 7. c3 O-O 8. Re1 Re8 9. Bf1 a6 10. exd5 Nxd5 11. Nc4 Bc7 12. a4 h6 13. Nfd2 b6 14. Ne4 f5 15. Ng3 Be6 16. Qc2 Qf6 17. Bd2 Qf7 18. b3 Rab8 19. Bc1 Nde7 20. Bb2 Ng6 0-1

[Event "DSOL 2021"]
[Site "Germany"]
[Date "2021.03.17"]
[Round "6.1"]
[White "de Reuter, Uwe"]
[Black "Reuter, Maximilian"]
[Result "1-0"]
[WhiteElo "1626"]
[BlackElo "1897"]
[Annotator "NA RC"]
[PlyCount "49"]
[EventDate "2021.01.18"]
[EventType "team-tourn"]
[EventCountry "GER"]
[SourceTitle "playchess.com"]
[Source "ChessBase"]
[SourceQuality "1"]

1. d4 e6 2. c4 f5 3. Nc3 Nf6 4. e3 b6 5. Bd3 Bb7 6. f3 Bb4 7. Bd2 O-O 8. Nge2 a5 9. a3 Bxc3 10. Bxc3 d6 11. b4 axb4 12. axb4 Nbd7 13. O-O Qe7 14. Qc2 g6 15. Ng3 e5 16. Rxa8 Rxa8 17. d5 b5 18. e4 bxc4 19. Bxc4 Nb6 20. Be2 f4 21. Nh1 Qe8 22. Rb1 Qa4 23. Qc1 Qa2 24. Bb5 Ra3 25. Ra1 1-0

[Event "DSOL 2021"]
[Site "Germany"]
[Date "2021.03.15"]
[Round "6.1"]
[White "Di Franco, Patrizio"]
[Black "Roeder, Matthias"]
[Result "1/2-1/2"]
[WhiteElo "1605"]
[BlackElo "2367"]
[Annotator "TA"]
[PlyCount "45"]
[EventDate "2021.01.18"]
[EventType "team-tourn"]
[EventCountry "GER"]
[SourceTitle "playchess.com"]
[Source "ChessBase"]
[SourceQuality "1"]

1. d4 Nf6 2. c4 e6 3. g3 d5 4. Bg2 Be7 5. Nf3 O-O 6. O-O c6 7. Nc3 b6 8. Ne5 Ba6 9. Re1 Nfd7 10. Nxd7 Nxd7 11. cxd5 cxd5 12. e4 Nf6 13. exd5 Nxd5 14. Nxd5 exd5 15. Qb3 Bc4 16. Qf3 Bf6 17. Be3 a5 18. b3 Ba6 19. Qxd5 Qxd5 20. Bxd5 Rad8 21. Bf3 Bxd4 22. Bxd4 Rxd4 23. Rad1 1/2-1/2

[Event "DSOL 2021"]
[Site "Germany"]
[Date "2021.03.16"]
[Round "6.1"]
[White "Jacoby, Florian"]
[Black "Mueller, Peter"]
[Result "1/2-1/2"]
[WhiteElo "1591"]
[BlackElo "2052"]
[Annotator "TA"]
[PlyCount "116"]
[EventDate "2021.01.18"]
[EventType "team-tourn"]
[EventCountry "GER"]
[SourceTitle "playchess.com"]
[Source "ChessBase"]
[SourceQuality "1"]

1. e4 e5 2. Nf3 Nc6 3. Bb5 a6 4. Ba4 Nge7 5. O-O g6 6. d3 Bg7 7. c3 O-O 8. Nbd2 b5 9. Bc2 d6 10. Re1 f5 11. exf5 gxf5 12. a4 Bb7 13. Bb3+ d5 14. axb5 axb5 15. Rxa8 Bxa8 16. Ng5 Qd6 17. Qh5 Qg6 18. Qxg6 hxg6 19. Ne6 Rc8 20. Nxg7 Kxg7 21. Nf3 e4 22. Bg5 Bb7 23. Nd2 Re8 24. f3 Na5 25. Bc2 Ng8 26. b4 Nc6 27. fxe4 d4 28. cxd4 Nxd4 29. Bb1 Nf6 30. Nf3 Rd8 31. Nxd4 Rxd4 32. exf5 gxf5 33. Re7+ Kg6 34. Bxf6 Kxf6 35. Rxc7 Rxb4 36. Rxb7 Rxb1+ 37. Kf2 b4 38. h4 b3 39. Ke3 Rg1 40. Rb6+ Ke5 41. Rb5+ Ke6 42. Kf2 Rh1 43. Rxb3 Rxh4 44. Kf3 Ke5 45. Rb5+ Ke6 46. g3 Rg4 47. Rc5 Kf6 48. Rc4 Rg8 49. Rf4 Ke6 50. Rh4 Rd8 51. d4 Kf6 52. g4 fxg4+ 53. Rxg4 Re8 54. Rh4 Re6 55. Rh7 Re1 56. Kf4 Ke6 57. Rh5 Kd6 58. Rg5 Re2 1/2-1/2

[Event "DSOL 2021"]
[Site "Germany"]
[Date "2021.03.16"]
[Round "6.1"]
[White "Hoke, Adrian"]
[Black "Zeilinger, Erik"]
[Result "1-0"]
[WhiteElo "1575"]
[BlackElo "1695"]
[Annotator "NA RC"]
[PlyCount "39"]
[EventDate "2021.01.18"]
[EventType "team-tourn"]
[EventCountry "GER"]
[SourceTitle "playchess.com"]
[Source "ChessBase"]
[SourceQuality "1"]

1. e4 Nf6 2. e5 Nd5 3. d4 d6 4. Nf3 g6 5. h3 Bg7 6. c4 Nb6 7. Nc3 O-O 8. Be2 Nc6 9. exd6 cxd6 10. Be3 e5 11. O-O Ne7 12. dxe5 dxe5 13. Bc5 Qc7 14. Bd6 Qd7 15. c5 Rd8 16. Qb3 e4 17. Ng5 Qe8 18. Bc7 Rd2 19. cxb6 Bxc3 20. Bc4 1-0

[Event "DSOL 2021"]
[Site "Germany"]
[Date "2021.03.17"]
[Round "6.1"]
[White "Lindhauer, Thorben"]
[Black "Linde, Wolfgang"]
[Result "1-0"]
[WhiteElo "1574"]
[BlackElo "2147"]
[Annotator "TA"]
[PlyCount "71"]
[EventDate "2021.01.18"]
[EventType "team-tourn"]
[EventCountry "GER"]
[SourceTitle "playchess.com"]
[Source "ChessBase"]
[SourceQuality "1"]

1. d4 d5 2. c4 e6 3. Nc3 Nf6 4. Bg5 Be7 5. Nf3 O-O 6. e3 b6 7. Bd3 Bb7 8. O-O Nbd7 9. Rc1 c5 10. Qe2 Ne4 11. Bxe7 Qxe7 12. cxd5 Nxc3 13. Rxc3 Bxd5 14. Ba6 cxd4 15. Nxd4 Nc5 16. Bc4 Bb7 17. a3 Rac8 18. b4 Nd7 19. Rfc1 Nb8 20. Qg4 Kh8 21. Bd3 Rxc3 22. Rxc3 Rc8 23. Qe4 f5 24. Rxc8+ Bxc8 25. Nxf5 Qc7 26. h3 g6 27. Nd4 e5 28. Nb5 Qe7 29. Qa8 Qb7 30. Qxb7 Bxb7 31. Nxa7 Nd7 32. Nb5 Kg7 33. Nd6 Bd5 34. a4 Kf6 35. Bb5 Ke6 36. Nc4 1-0

[Event "DSOL 2021"]
[Site "Germany"]
[Date "2021.03.19"]
[Round "6.2"]
[White "Bluebaum, Matthias"]
[Black "Junker, Reiner"]
[Result "1-0"]
[WhiteElo "2672"]
[BlackElo "2238"]
[Annotator "TA"]
[PlyCount "61"]
[EventDate "2021.01.18"]
[EventType "team-tourn"]
[EventCountry "GER"]
[SourceTitle "playchess.com"]
[Source "ChessBase"]
[SourceQuality "1"]
[WhiteTeam "SF Deizisau I"]
[BlackTeam "SK Ludwigshafen I"]

1. d4 f5 2. Bg5 g6 3. Nc3 Bg7 4. e3 Nh6 5. Bc4 Nf7 6. Bf4 d6 7. Nf3 Nc6 8. Bxf7+ Kxf7 9. d5 Ne5 10. Bxe5 dxe5 11. e4 Rf8 12. Qe2 Qd6 13. Nb5 Qb6 14. Qc4 Bd7 15. Nxc7 Rac8 16. d6+ e6 17. O-O-O Bf6 18. Rhe1 f4 19. Re2 a6 20. h4 h6 21. Red2 Qa5 22. Kb1 Rfd8 23. Rd3 Kg8 24. Rb3 Kh8 25. Rxb7 Bg7 26. Qb4 Qxb4 27. Rxb4 a5 28. Rb6 Kg8 29. c4 Kf7 30. Rd3 Kf6 31. c5 1-0

[Event "DSOL 2021"]
[Site "Germany"]
[Date "2021.03.18"]
[Round "6.2"]
[White "Babula, Vlastimil"]
[Black "Riedel, Hartmut"]
[Result "1-0"]
[WhiteElo "2559"]
[BlackElo "1966"]
[Annotator "TA"]
[PlyCount "117"]
[EventDate "2021.01.18"]
[EventType "team-tourn"]
[EventCountry "GER"]
[SourceTitle "playchess.com"]
[Source "ChessBase"]
[SourceQuality "1"]

1. d4 Nf6 2. c4 c5 3. d5 e6 4. Nc3 d6 5. Nf3 exd5 6. cxd5 g6 7. Nd2 a6 8. a4 Bg7 9. e4 O-O 10. Be2 Re8 11. O-O Nbd7 12. Ra3 Rb8 13. a5 Qc7 14. Qc2 b5 15. axb6 Nxb6 16. Bxa6 Ra8 17. Bxc8 Rexc8 18. Rxa8 Rxa8 19. b3 Qe7 20. Bb2 h5 21. h3 h4 22. Nf3 Nh5 23. Re1 Nf4 24. Kh2 c4 25. bxc4 Nxc4 26. Bc1 g5 27. Ne2 Ne5 28. Bxf4 gxf4 29. Ned4 Nxf3+ 30. Nxf3 Be5 31. Qc6 Ra2 32. Qc8+ Kh7 33. Qf5+ Kh6 34. Rd1 Qf6 35. Qxf6+ Bxf6 36. Kg1 Ra4 37. Re1 Bc3 38. Rc1 Bb4 39. e5 Kg7 40. exd6 Bxd6 41. Nxh4 Kf6 42. Nf3 Ra2 43. h4 Bb8 44. Rc4 Kf5 45. h5 Ba7 46. Nd4+ Ke5 47. Nf3+ Kxd5 48. Rxf4 Bxf2+ 49. Kh2 Ra7 50. h6 Be3 51. Rf5+ Ke4 52. h7 Ra8 53. Rxf7 Rh8 54. Kh3 Kd5 55. Kg4 Ke6 56. Rb7 Kf6 57. Kh5 Kf5 58. Nh4+ Kf6 59. Ng6 1-0

[Event "DSOL 2021"]
[Site "Germany"]
[Date "2021.03.16"]
[Round "6.2"]
[White "Huerga Leache, Mikel"]
[Black "Rodriguez Garcia, Jose Maria"]
[Result "0-1"]
[WhiteElo "2479"]
[BlackElo "1965"]
[Annotator "TA"]
[PlyCount "136"]
[EventDate "2021.01.18"]
[EventType "team-tourn"]
[EventCountry "GER"]
[SourceTitle "playchess.com"]
[Source "ChessBase"]
[SourceQuality "1"]

1. d4 g6 2. e4 Bg7 3. Nf3 d5 4. e5 Bg4 5. h3 Bxf3 6. Qxf3 c5 7. c3 Nc6 8. Be2 cxd4 9. O-O Nxe5 10. Bb5+ Nc6 11. cxd4 Nf6 12. Nc3 e6 13. Bg5 O-O 14. Rfd1 h6 15. Be3 Rc8 16. a3 a6 17. Be2 Na5 18. Bd3 b5 19. g4 Nc4 20. Bc1 Qb6 21. Bb1 Rfd8 22. Ne2 e5 23. dxe5 Nxe5 24. Qg3 Ne4 25. Bxe4 dxe4 26. Be3 Nf3+ 27. Kg2 Qf6 28. Nc3 g5 29. Nxe4 Nh4+ 30. Kf1 Qxb2 31. Rxd8+ Rxd8 32. Re1 Qc2 33. Bb6 Rd1 34. Qe3 Rxe1+ 35. Qxe1 Qd3+ 36. Qe2 Qxh3+ 37. Ke1 Ng2+ 38. Kd2 Qxa3 39. Qd3 Qa2+ 40. Qc2 Qd5+ 41. Kc1 Nf4 42. Qc8+ Kh7 43. Qf5+ Qxf5 44. gxf5 Nd5 45. Bc5 a5 46. Nd6 Nf4 47. Be3 f6 48. Nxb5 h5 49. Kd2 h4 50. Nd4 Nd5 51. Nf3 Kh6 52. Bc5 Kh5 53. Nh2 g4 54. Ke2 Bh6 55. Kf1 a4 56. Kg2 Nf4+ 57. Kf1 Nd3 58. Ba3 Kg5 59. Ke2 Nf4+ 60. Kf1 Kxf5 61. Ke1 Nd3+ 62. Ke2 Ne5 63. Bb2 Bf4 64. Nf1 h3 65. Bxe5 fxe5 66. Kd3 h2 67. Nxh2 Bxh2 68. Kc3 Kf4 0-1

[Event "DSOL 2021"]
[Site "Germany"]
[Date "2021.03.19"]
[Round "6.2"]
[White "Perske, Thore"]
[Black "Tonndorf, Matthias"]
[Result "1-0"]
[WhiteElo "2445"]
[BlackElo "1994"]
[Annotator "NA"]
[PlyCount "41"]
[EventDate "2021.01.18"]
[EventType "team-tourn"]
[EventCountry "GER"]
[SourceTitle "playchess.com"]
[Source "ChessBase"]
[SourceQuality "1"]
[WhiteTeam "SF Heidesheim I"]
[BlackTeam "Hamelner SV I"]

1. e4 c5 2. Nf3 e6 3. c3 d5 4. exd5 Qxd5 5. Na3 Nf6 6. d4 Qd8 7. Bf4 cxd4 8. Nxd4 a6 9. Nc4 b5 10. Bxb8 bxc4 11. Bg3 Qb6 12. Bxc4 Qxb2 13. O-O Bd7 14. Qf3 Rc8 15. Bxa6 Rxc3 16. Qa8+ Ke7 17. Rab1 Qxa2 18. Rb6 Nd5 19. Rb7 Ra3 20. Rxd7+ Kf6 21. Qd8+ 1-0

[Event "DSOL 2021"]
[Site "Germany"]
[Date "2021.03.18"]
[Round "6.2"]
[White "Lagunow, Raphael"]
[Black "Wolter, Detlev"]
[Result "1-0"]
[WhiteElo "2378"]
[BlackElo "2202"]
[Annotator "TA"]
[PlyCount "51"]
[EventDate "2021.01.18"]
[EventType "team-tourn"]
[EventCountry "GER"]
[SourceTitle "playchess.com"]
[Source "ChessBase"]
[SourceQuality "1"]

1. e4 c5 2. Nf3 a6 3. c3 d5 4. exd5 Nf6 5. d4 cxd4 6. c4 e5 7. Nxe5 Bd6 8. Nf3 O-O 9. Be2 Qa5+ 10. Bd2 Qb6 11. Qb3 Qa7 12. O-O Bf5 13. Bd3 Bg4 14. Bg5 Bxf3 15. Bxf6 Bh5 16. Bh4 Nd7 17. Qc2 h6 18. Nd2 Rac8 19. Ne4 Be5 20. f4 f5 21. Ng3 b5 22. fxe5 bxc4 23. Nxh5 Nxe5 24. Bxf5 d3+ 25. Qf2 Qb8 26. Qg3 1-0

[Event "DSOL 2021"]
[Site "Germany"]
[Date "2021.03.17"]
[Round "6.2"]
[White "Colbow, Collin"]
[Black "Gerland, Felix"]
[Result "1/2-1/2"]
[WhiteElo "2339"]
[BlackElo "2169"]
[Annotator "RC"]
[PlyCount "141"]
[EventDate "2021.01.18"]
[EventType "team-tourn"]
[EventCountry "GER"]
[SourceTitle "playchess.com"]
[Source "ChessBase"]
[SourceQuality "1"]

1. Nf3 Nf6 2. b3 g6 3. Bb2 Bg7 4. c4 c5 5. g3 b6 6. Bg2 Bb7 7. O-O O-O 8. Nc3 d5 9. Nxd5 Nxd5 10. Bxg7 Kxg7 11. cxd5 Qxd5 12. d4 cxd4 13. Qxd4+ Qxd4 14. Nxd4 Bxg2 15. Kxg2 Rc8 16. Rac1 Na6 17. a3 Nc5 18. b4 Ne4 19. Nb5 a5 20. Nc7 Rab8 21. Nd5 axb4 22. axb4 e6 23. Rxc8 Rxc8 24. Nxb6 Rb8 25. Nc4 Rxb4 26. Ne5 Rb2 27. Re1 Nc3 28. Kf3 f5 29. Ke3 Kf6 30. Nd7+ Ke7 31. Ne5 Nd5+ 32. Kd3 f4 33. Ke4 Rb4+ 34. Kf3 Kf6 35. Nd3 Rb3 36. gxf4 Kf5 37. e4+ Kf6 38. Ke2 Nb4 39. Nxb4 Rxb4 40. Kf3 Rb7 41. Re3 Ra7 42. Rb3 Rc7 43. Kg4 h5+ 44. Kg3 Ra7 45. Rb8 Rc7 46. f3 Kg7 47. Kh4 Rc3 48. Rb7+ Kf8 49. Kg3 Ra3 50. Rc7 Rb3 51. Ra7 Rc3 52. Ra8+ Kf7 53. Rb8 Ra3 54. Rb7+ Kf8 55. Rh7 Ra2 56. f5 gxf5 57. exf5 e5 58. Rxh5 Kg7 59. f4 e4 60. Rg5+ Kf6 61. h4 Ra1 62. Kf2 Ra3 63. h5 Rf3+ 64. Ke2 Rxf4 65. Rg8 Rxf5 66. Rf8+ Kg5 67. Rxf5+ Kxf5 68. h6 Kg6 69. h7 Kxh7 70. Ke3 Kg8 71. Kxe4 1/2-1/2

[Event "DSOL 2021"]
[Site "Germany"]
[Date "2021.03.17"]
[Round "6.2"]
[White "Browning, Alex"]
[Black "Happe, Reinhold"]
[Result "1/2-1/2"]
[WhiteElo "2307"]
[BlackElo "2119"]
[Annotator "TA"]
[PlyCount "94"]
[EventDate "2021.01.18"]
[EventType "team-tourn"]
[EventCountry "GER"]
[SourceTitle "playchess.com"]
[Source "ChessBase"]
[SourceQuality "1"]

1. e4 e5 2. Nf3 Nc6 3. Bb5 f5 4. Nc3 fxe4 5. Nxe4 Nf6 6. Qe2 d5 7. Nxf6+ gxf6 8. d4 Bg7 9. dxe5 O-O 10. e6 Ne5 11. Bf4 Qd6 12. O-O Bxe6 13. h3 c6 14. Bd3 Rae8 15. Rae1 Bd7 16. Qd1 Qb4 17. Nxe5 fxe5 18. Bxe5 Rxe5 19. Rxe5 Bxe5 20. Qh5 Qe7 21. Re1 Re8 22. Rxe5 Qxe5 23. Qxh7+ Kf8 24. Qxd7 Re7 25. Qc8+ Kf7 26. g3 Qf6 27. h4 Kg7 28. Qg4+ Kf8 29. Qc8+ Kg7 30. Qg4+ Kf8 31. h5 Rf7 32. f4 Re7 33. Kg2 Qxb2 34. Qf5+ Rf7 35. Qc8+ Kg7 36. g4 Qc3 37. Kf3 Qf6 38. Qb8 Qh4 39. Qe5+ Kf8 40. Bf5 Qh3+ 41. Ke2 Re7 42. Be6 Qg2+ 43. Kd1 Qf1+ 44. Kd2 Qf2+ 45. Kc1 Qf1+ 46. Kb2 Qb5+ 47. Kc1 Qf1+ 1/2-1/2

[Event "DSOL 2021"]
[Site "Germany"]
[Date "2021.03.17"]
[Round "6.2"]
[White "Stanke, Juergen"]
[Black "Haufe, Laurin"]
[Result "0-1"]
[WhiteElo "2271"]
[BlackElo "2052"]
[Annotator "TA"]
[PlyCount "148"]
[EventDate "2021.01.18"]
[EventType "team-tourn"]
[EventCountry "GER"]
[SourceTitle "playchess.com"]
[Source "ChessBase"]
[SourceQuality "1"]

1. c4 c5 2. Nf3 Nf6 3. Nc3 Nc6 4. d4 cxd4 5. Nxd4 e6 6. a3 Be7 7. e4 O-O 8. Be2 d5 9. exd5 exd5 10. cxd5 Nxd5 11. Nxc6 bxc6 12. Nxd5 cxd5 13. O-O Bf6 14. Bd3 a5 15. Rb1 Ba6 16. b4 axb4 17. axb4 Re8 18. Bf4 Bc4 19. b5 Qb6 20. Be3 Rxe3 21. Bxc4 Re5 22. Be2 Be7 23. Kh1 Ra2 24. Bf3 d4 25. Rb3 Rxb5 26. Rxb5 Qxb5 27. Re1 Qc5 28. Re2 Ra7 29. Rc2 Qe5 30. g3 g6 31. Kg2 Kg7 32. Re2 Qd6 33. Rd2 Bf6 34. h4 Ra3 35. Qc2 Qb4 36. Rd3 Ra1 37. Rd1 Ra5 38. Rd3 Rb5 39. Be4 Qe7 40. Bf3 Rc5 41. Qd2 Qc7 42. Rxd4 Bxd4 43. Qxd4+ Kg8 44. Qe3 h5 45. Qe8+ Kg7 46. Qe4 Rc2 47. Qd4+ Kh7 48. Bd5 Qd6 49. Qe4 Qc5 50. Qf3 f5 51. Bb7 Qd4 52. Ba8 Kh6 53. Bb7 Ra2 54. Bc6 Kg7 55. Bd5 Ra1 56. Bb3 Kh6 57. Qf4+ Qxf4 58. gxf4 Kg7 59. f3 Kf6 60. Kg3 Ke7 61. Bg8 Kd6 62. Bf7 Kc5 63. Kg2 Ra6 64. Kf2 Kd4 65. Be8 Rb6 66. Bf7 Kd3 67. Be8 Rb2+ 68. Kg3 Rb8 69. Bf7 Ke2 70. Bc4+ Ke3 71. Bf7 Rb1 72. Kg2 Rb7 73. Be8 Re7 74. Bb5 Kxf4 0-1

[Event "DSOL 2021"]
[Site "Germany"]
[Date "2021.03.19"]
[Round "6.2"]
[White "Noetzel, Felix"]
[Black "Meyer-Dunker, Paul"]
[Result "0-1"]
[WhiteElo "2263"]
[BlackElo "2112"]
[Annotator "NA"]
[PlyCount "62"]
[EventDate "2021.01.18"]
[EventType "team-tourn"]
[EventCountry "GER"]
[SourceTitle "playchess.com"]
[Source "ChessBase"]
[SourceQuality "1"]
[WhiteTeam "SF Berlin I"]
[BlackTeam "SK Johanneum Eppendorf I"]

1. c4 e6 2. Nf3 d5 3. g3 dxc4 4. Qa4+ Nd7 5. Bg2 Ngf6 6. Qxc4 a6 7. Qc2 c5 8. O-O b5 9. d3 Bb7 10. a4 Qb6 11. Nc3 Be7 12. axb5 axb5 13. Rxa8+ Bxa8 14. h3 O-O 15. e4 Rd8 16. Be3 Qa5 17. Qb3 Bc6 18. Rc1 Qa8 19. Ne2 c4 20. dxc4 Bxe4 21. Ne1 Bxg2 22. Nxg2 bxc4 23. Qxc4 Ne5 24. Qc2 Nf3+ 25. Kh1 Nd5 26. Qe4 Ng5 27. Bxg5 Bxg5 28. Rd1 Bf6 29. b3 Qa2 30. Rd3 h6 31. Ne3 Qxe2 0-1

[Event "DSOL 2021"]
[Site "Germany"]
[Date "2021.03.18"]
[Round "6.2"]
[White "Brock, Friedemann"]
[Black "Steffens, Olaf"]
[Result "1/2-1/2"]
[WhiteElo "2249"]
[BlackElo "2145"]
[Annotator "TA"]
[PlyCount "127"]
[EventDate "2021.01.18"]
[EventType "team-tourn"]
[EventCountry "GER"]
[SourceTitle "playchess.com"]
[Source "ChessBase"]
[SourceQuality "1"]

1. d4 e6 2. c4 b6 3. Nf3 Bb7 4. g3 f5 5. Bg2 Nf6 6. O-O Be7 7. d5 Na6 8. Nd4 Ne4 9. dxe6 O-O 10. exd7 Qxd7 11. Nb5 Qe6 12. N1a3 Rad8 13. Qb3 Nac5 14. Qe3 Bg5 15. f4 Bf6 16. Nxc7 Qf7 17. Nd5 Bxd5 18. cxd5 Rxd5 19. Kh1 Rfd8 20. Nc2 Rd1 21. Qf3 g6 22. Ne3 Rxc1 23. Raxc1 Nd2 24. Qc6 Nxf1 25. Bd5 Rxd5 26. Nxd5 Bxb2 27. Rxf1 Kg7 28. Rd1 Kh6 29. Kg2 Bg7 30. h3 Ne6 31. e3 Nc5 32. g4 Bb2 33. Kf3 Kg7 34. g5 Kg8 35. h4 Kg7 36. h5 gxh5 37. Qh6+ Kg8 38. Nxb6 Ne6 39. Rd7 Qg6 40. Qxg6+ hxg6 41. Rxa7 Nc5 42. Nd7 Ne4 43. a4 h4 44. Kg2 Bc1 45. Ne5 Bxe3 46. Ra8+ Kg7 47. Nf3 Bxf4 48. Nxh4 Bxg5 49. Nf3 Be3 50. a5 Nd6 51. Rd8 Nb5 52. a6 Kf6 53. Rf8+ Ke7 54. Rg8 Kf7 55. Rb8 Na7 56. Ne5+ Kf6 57. Nd7+ Ke6 58. Nb6 Nc6 59. Rc8 Kd6 60. Nc4+ Kd7 61. Rxc6 Kxc6 62. Nxe3 Kb6 63. Kf3 Kxa6 64. Nxf5 1/2-1/2

[Event "DSOL 2021"]
[Site "Germany"]
[Date "2021.03.19"]
[Round "6.2"]
[White "Schrepp, Martin"]
[Black "Atri, Jamshid"]
[Result "1/2-1/2"]
[WhiteElo "2234"]
[BlackElo "1957"]
[Annotator "ChessBase"]
[PlyCount "173"]
[EventDate "2021.01.18"]
[EventType "team-tourn"]
[EventCountry "GER"]
[SourceTitle "playchess.com"]
[Source "ChessBase"]
[SourceQuality "1"]
[WhiteTeam "SC Ketsch I"]
[BlackTeam "Hamburger SK III"]

1. e4 d6 2. d4 Nf6 3. Nc3 e5 4. Nge2 Be7 5. g3 Bg4 6. Bg2 Nc6 7. f3 Bd7 8. d5 Nb8 9. Be3 c5 10. a4 Na6 11. O-O Nc7 12. Qd2 b6 13. h3 h5 14. f4 Bc8 15. fxe5 dxe5 16. Rad1 Qd6 17. Nb5 Nxb5 18. axb5 a6 19. Ra1 Bb7 20. Qd3 a5 21. Nc3 O-O 22. Kh2 Bc8 23. Ne2 Ne8 24. Rf2 Bf6 25. c4 g6 26. Nc3 Rb8 27. Bh6 Bg7 28. Qe3 Qe7 29. Raf1 Nd6 30. b3 Bd7 31. Qd2 Rbe8 32. Na4 Rb8 33. Nc3 f6 34. Qe3 Kh7 35. Bxg7 Kxg7 36. Re1 Rbe8 37. Na4 Qd8 38. Qd2 Rf7 39. Rfe2 Rfe7 40. Qc1 Nf7 41. Qd2 Qc7 42. Rd1 Qd6 43. Rf2 Rf8 44. Rdf1 Nd8 45. Nc3 Nb7 46. Na4 Ref7 47. Re1 Qc7 48. Rfe2 Nd6 49. Rf2 Nc8 50. Ref1 Qd6 51. Re1 Re7 52. Rfe2 Rfe8 53. Rf2 f5 54. exf5 gxf5 55. Qg5+ Qg6 56. Qxg6+ Kxg6 57. Rfe2 Kf6 58. Re3 h4 59. g4 f4 60. R3e2 Rd8 61. Nc3 Nd6 62. Ne4+ Nxe4 63. Bxe4 Bc8 64. Kg2 Ree8 65. Kf3 Rd7 66. Ra1 Rdd8 67. Rg2 Rg8 68. Rgg1 Rg5 69. Rg2 Ke7 70. Rgg1 Kd6 71. Rg2 Bd7 72. Rag1 Rf8 73. Ra1 Be8 74. Re2 Bd7 75. Rg2 Ra8 76. Ra4 Be8 77. Rf2 Bf7 78. Rf1 Re8 79. Rf2 Re7 80. Ra1 Be8 81. Raa2 Reg7 82. Ra1 Bd7 83. Rg2 Bc8 84. Raa2 Bd7 85. Ra1 Be8 86. Rf2 Bd7 87. Rg2 1/2-1/2

[Event "DSOL 2021"]
[Site "Germany"]
[Date "2021.03.16"]
[Round "6.2"]
[White "Welzel, Philipp"]
[Black "moko"]
[Result "0-1"]
[WhiteElo "2208"]
[BlackElo "1421"]
[Annotator "TA"]
[PlyCount "54"]
[EventDate "2021.01.18"]
[EventType "team-tourn"]
[EventCountry "GER"]
[SourceTitle "playchess.com"]
[Source "ChessBase"]
[SourceQuality "1"]

1. d4 f5 2. g3 Nf6 3. Bg2 g6 4. Nf3 Bg7 5. O-O O-O 6. b3 a5 7. Bb2 a4 8. c4 d6 9. Nbd2 c6 10. Qc2 Na6 11. Bc3 axb3 12. axb3 Bd7 13. e4 fxe4 14. Nxe4 Bf5 15. Nh4 Nxe4 16. Nxf5 gxf5 17. Bxe4 fxe4 18. Qxe4 Qd7 19. Rae1 Rae8 20. Re3 Nc7 21. Rfe1 d5 22. Qh4 Qf5 23. g4 Qf6 24. Qg3 Qf4 25. Rxe7 Rxe7 26. Rxe7 Qxg3+ 27. hxg3 Rf7 0-1

[Event "DSOL 2021"]
[Site "Germany"]
[Date "2021.03.15"]
[Round "6.2"]
[White "Loewe, Lennard"]
[Black "Weihrauch, Jakob"]
[Result "0-1"]
[WhiteElo "2207"]
[BlackElo "2146"]
[Annotator "TA"]
[PlyCount "70"]
[EventDate "2021.01.18"]
[EventType "team-tourn"]
[EventCountry "GER"]
[SourceTitle "playchess.com"]
[Source "ChessBase"]
[SourceQuality "1"]

1. e4 c5 2. Nf3 d6 3. d4 cxd4 4. Nxd4 Nf6 5. Nc3 a6 6. h3 g6 7. g4 h5 8. g5 Nfd7 9. Be3 Bg7 10. Qd2 Nc6 11. O-O-O O-O 12. f4 Nxd4 13. Bxd4 b5 14. Bxg7 Kxg7 15. Rg1 Qa5 16. f5 Bb7 17. Qd4+ Kh7 18. Kb1 Ne5 19. Be2 Rac8 20. f6 e6 21. Qxd6 b4 22. Nd5 exd5 23. Qxe5 Rfe8 24. Qd6 Rcd8 25. Qg3 dxe4 26. Bxh5 Bd5 27. b3 Rc8 28. Qh4 Rxc2 29. Bxg6+ Kxg6 30. Qh6+ Kf5 31. Rdf1+ Ke6 32. Kxc2 Qxa2+ 33. Kd1 Qxb3+ 34. Ke1 Qe3+ 35. Kd1 Bb3# 0-1

[Event "DSOL 2021"]
[Site "Germany"]
[Date "2021.03.16"]
[Round "6.2"]
[White "Rosenberg, Daniel B"]
[Black "Steinert, Rafael"]
[Result "1-0"]
[WhiteElo "2200"]
[BlackElo "1732"]
[Annotator "RC"]
[PlyCount "91"]
[EventDate "2021.01.18"]
[EventType "team-tourn"]
[EventCountry "GER"]
[SourceTitle "playchess.com"]
[Source "ChessBase"]
[SourceQuality "1"]

1. e4 Nf6 2. d3 d5 3. Nd2 e5 4. Ngf3 Nc6 5. c3 Bc5 6. Be2 O-O 7. b4 Bb6 8. b5 Na5 9. O-O Re8 10. Bb2 c6 11. bxc6 bxc6 12. Qc2 d4 13. cxd4 exd4 14. Rfc1 Bb7 15. Rab1 Rc8 16. Qa4 c5 17. Ba3 Nd5 18. Bb2 Bc6 19. Qd1 Nf4 20. Nc4 Ba4 21. Qd2 Nxc4 22. Qxf4 Nxb2 23. Rxb2 Rc6 24. Nd2 Rf6 25. Qh4 Qd7 26. Nc4 Rh6 27. Qg4 Qd8 28. g3 Bd7 29. Qf4 Bc7 30. Qd2 Qf6 31. f4 Rg6 32. Rf1 Bh3 33. Rf2 Bg4 34. f5 Rg5 35. h4 Bxe2 36. hxg5 Qe5 37. Nxe5 Bxe5 38. Qxe2 Bxg3 39. Rg2 Bf4 40. g6 fxg6 41. fxg6 hxg6 42. Rxg6 Be3+ 43. Kg2 Re5 44. Qg4 Re7 45. Rb8+ Kf7 46. Qf5# 1-0